Statistics for Countries With The Most Gun Rights

Click here to take the quiz!

General Stats

  • This quiz has been taken 35 times
  • The average score is 4 of 10

Answer Stats

RankingCountry% Correct
1United States
91%
6Canada
72%
3Switzerland
50%
5Norway
47%
7Sweden
44%
9Finland
41%
8Serbia
16%
2Czech Republic
13%
4Panama
13%
10Honduras
3%

Score Distribution

Percentile by Number Answered

Percent of People with Each Score

Your Score History

You have not taken this quiz